| 000 | 01082nam a2200277 u 4500 | ||
|---|---|---|---|
| 005 | 20230517063624.0 | ||
| 008 | 190924s2010 mx a r 000 0 spa d | ||
| 020 | _a9786077879404 | ||
| 035 | _aUPN01000233080 | ||
| 040 |
_aMX-MxUPN _bspa _cMX-MxUPN |
||
| 050 | 4 |
_aF1221 T25 _bI24 2010 |
|
| 245 | 0 | 0 | _aIchisaba raíchali alárichi = Sembrando diálogo en buen camino |
| 250 | _aPrimera edición | ||
| 260 |
_aMéxico, D.F. : _bSecretaría de Educación Pública, Dirección General de Educación Indígena, Comisión Nacional de Libros de Texto Gratuitos, _c2010. |
||
| 300 |
_a117 páginas : _bilustraciones a color |
||
| 490 | _aSemilla de palabras | ||
| 490 | _aBiblioteca escolar indígena y migrante | ||
| 650 | 0 |
_948752 _aTarahumaras _xVida social y costumbres _vLiteratura infantil |
|
| 700 | 1 |
_aVargas Muñoz, Eugenio _ecoordinación _948753 |
|
| 700 | 1 |
_aOlmo Ruiz, Marcela del _ecoordinación _948754 |
|
| 700 | 1 |
_aGardea Cruz, María Nicolasa _etraducción _948755 |
|
| 902 | _bNoemiAcosta | ||
| 905 | _aLibro | ||
| 942 |
_2lcc _cLIBRO |
||
| 999 |
_c205175 _d205175 |
||